000 00249nam a2200109Ia 4500
008 190216s9999||||xx |||||||||||||| ||und||
100 _aJain Sp And Narag K L
245 0 _aAdvanced Accountancy
260 _bNull
_c1994
300 _a2123p
942 _cBK
999 _c5252
_d5252